Statistiques concernant Classement général de la Coupe du monde de rugby féminin 2017

Cliquez ici pour prendre le quiz!

Statistiques générales

  • Ce quiz a été pris 57 fois
  • Le résultat moyen est 11 sur 12

Statistiques - réponses

Equipe % Correct
1erNouvelle-Zélande
98%
2eAngleterre
98%
3eFrance
98%
6eAustralie
96%
8eIrlande
95%
4eEtats-Unis
93%
9eItalie
91%
7ePays de Galles
87%
11eJapon
85%
10eEspagne
84%
5eCanada
80%
12eHong Kong
60%

Distribution des résultats

Percentile by Number Answered

% des personnes avec chaque résultat

Votre développement - résultats

Vous n’avez pas pris ce quiz